Haevnen In a better world = Ίσως, αύριο
Η ταινία διαδραματίζεται σε ένα στρατόπεδο προσφύγων στην Αφρική, αλλά και σε μια επαρχιακή πόλη της Δανίας, όπου κυριαρχεί η ανιαρή καθημερινότητα. Οι ζωές δύο οικογενειών διασταυρώνονται και μια ασυνήθιστη, αλλά και ριψοκίνδυνη φιλία ανθίζει. Όμως, η μοναξιά, η θλίψη και οι αδυναμίες παραμονεύουν....
Αποθηκεύτηκε σε:
| Άλλοι συγγραφείς: | , , , |
|---|---|
| Μορφή: | |
| Γλώσσα: | Danish English Greek |
| Δημοσίευση: |
[S.l.] :
Zentropa Entertainment : Odeon [Εταιρεία διανομής],
c2010.
|
| Θέματα: | |
| Ετικέτες: |
Προσθήκη ετικέτας
Δεν υπάρχουν, Καταχωρήστε ετικέτα πρώτοι!
|
MARC
| LEADER | 00000cgm a2200000 i 4500 | ||
|---|---|---|---|
| 001 | 1/27702 | ||
| 008 | 130321s2010 xx ||| | || ||dan|| | ||
| 035 | |l 10114063 | ||
| 040 | |a GR-MyUa |b gre |e AACR2 | ||
| 041 | 0 | |a dan |a eng |j gre | |
| 082 | 7 | |a 791.437 |2 (22) | |
| 245 | 0 | 0 | |a Haevnen |h [μαγνητοσκόπηση] = |b In a better world = Ίσως, αύριο / |c director Susanne Bier. |
| 246 | 1 | |i Παράλληλος τίτλος: |a In a better world | |
| 246 | 1 | |i Παράλληλος τίτλος: |a Ίσως, αύριο | |
| 260 | |a [S.l.] : |b Zentropa Entertainment : |b Odeon [Εταιρεία διανομής], |c c2010. | ||
| 300 | |a 1 βιντεοδίσκος (118 λεπτ.) : |b ομίλ., έγχρ. ; |c 4 3/4 ίν. | ||
| 500 | |a Κυκλοφόρησε πρώτη φορά ως κινηματογραφική ταινία το 2010. | ||
| 508 | |a Πλοκή, Susanne Bier, Anders Thomas Jensen ; σενάριο, Anders Thomas Jensen ; διεύθυνση φωτογραφίας, Morten Soborg ; σχεδιασμός παραγωγής, Peter Grant ; παραγωγή, Sisse Graum Jorgensen. | ||
| 511 | 0 | |a Mikael Persbrandt, Irine Dyrholm, Ulrich Thomsen, William Johnk, Juel Nielsen, Markus Rygaard. | |
| 520 | 8 | |a Η ταινία διαδραματίζεται σε ένα στρατόπεδο προσφύγων στην Αφρική, αλλά και σε μια επαρχιακή πόλη της Δανίας, όπου κυριαρχεί η ανιαρή καθημερινότητα. Οι ζωές δύο οικογενειών διασταυρώνονται και μια ασυνήθιστη, αλλά και ριψοκίνδυνη φιλία ανθίζει. Όμως, η μοναξιά, η θλίψη και οι αδυναμίες παραμονεύουν. Πολύ σύντομα, η φιλία αυτή μετατρέπεται σε μια επικίνδυνη συμμαχία και σε μια αμείλικτη καταδίωξη, όπου οι ζωές όλων κινδυνεύουν. | |
| 546 | |a Στα δανέζικα και αγγλικά με υπότιτλους στα ελληνικά. | ||
| 586 | 8 | |a Χρυσή Σφαίρα καλύτερης ξενόγλωσσης ταινίας | |
| 586 | 8 | |a Όσκαρ καλύτερης ξενόγλωσσης ταινίας | |
| 650 | 0 | |a Families |v Drama. | |
| 655 | 7 | |a Feature films |2 lcgft | |
| 700 | 1 | |a Bier, Susanne, |d 1960- |e drtf | |
| 700 | 1 | |a Persbrandt, Mikael, |d 1963- |e act | |
| 700 | 1 | |a Dyrholm, Trine, |d 1972- |e act | |
| 700 | 1 | |a Thomsen, Ulrich, |e act | |
| 852 | |a INST |b SYROS |c AV |e 20130321 |h 791.437 BIE |p 005500010609 |q 005500010609 |t DVD |y 23 | ||
| 901 | |a BIBL5-2008-1 | ||
| 922 | |a 5ΕΛΗ |b 201211 |c Βιβλιοθήκη Σύρου |d Κισκάκη Μαρία | ||
| 970 | |a Κοντού |b Παρασκευή |z 21/03/2013 | ||